Matemática 7º Básico: texto del estudiante

محفوظ في:
التفاصيل البيبلوغرافية
المؤلف الرئيسي: Merino Leyton, Richard Carlos (autor)
مؤلفون آخرون: Muñoz Correa, Verónica (autora), Pérez Ureta, Bernardita Alejandra (autora), Rupin Gutiérrez, Pedro (autor)
التنسيق: كتاب
اللغة:الإسبانية
منشور في: Santiago, Chile: SM Ediciones, 2015
الموضوعات:
الوسوم: إضافة وسم
لا توجد وسوم, كن أول من يضع وسما على هذه التسجيلة!

MARC

LEADER 00000cam a2200000 a 4500
001 UCD9962
003 CL-VaPUC
005 20241105171536.0
008 170713e20160000cl |||||||||||||||||spa|d
999 |c 368965  |d 368963 
020 |a 978-956-349-949-0 
040 |c Pontificia Universidad Católica de Valparaíso 
082 0 4 |a 372.7 MER 2015  |2 21 
100 |a Merino Leyton, Richard Carlos  |e autor  |9 593901 
245 1 0 |a Matemática 7º Básico: texto del estudiante 
260 |a Santiago, Chile:  |b SM Ediciones,  |c 2015 
300 |a 416 páginas 
500 |a C.3. Donación Profesor Jaime Mena. Memo 02/2022. Abril 2022 
583 |a last modification  |c 20170713 16:08:00  |k Rodrigo Vera 
650 0 |a Educación básica   |9 224933 
650 0 |a Matemáticas  |x Enseñanza  |9 875527 
650 0 |a Libros de texto  |9 270019 
700 |a Muñoz Correa, Verónica  |e autora  |9 599217 
700 |a Pérez Ureta, Bernardita Alejandra  |e autora  |9 832382 
700 0 |a Rupin Gutiérrez, Pedro  |e autor  |9 593904 
942 |c BK  |2 ddc 
945 |d 20170713 16:08:00  |a cmena 
952 |0 0  |1 0  |2 ddc  |3 erb  |4 0  |6 372_700000000000000_MER_2015  |7 0  |8 A  |9 484472  |a BIBEDU  |b BIBEDU  |i 5405637  |o 372.7 MER 2015  |p 5405637  |r 2019-11-24  |w 2019-11-24  |y BK  |z Catalogado en:20170713  |k EPE 
952 |0 0  |1 0  |2 ddc  |4 0  |6 372_700000000000000_MER_2015  |7 0  |8 A  |9 496021  |a BIBMAT  |b BIBMAT  |c E_DIDACT  |d 2020-01-15  |i 561211K  |l 1  |o 372.7 MER 2015  |p 561211K  |r 2025-01-07  |s 2022-08-17  |t 1  |w 2020-01-15  |y BK  |k MAT 
952 |0 0  |1 0  |2 ddc  |4 0  |6 372_700000000000000_MER_2015  |7 0  |8 A  |9 582836  |a BIBMAT  |b BIBMAT  |c E_DIDACT  |d 2022-05-03  |e Donación  |i 5650951  |l 3  |o 372.7 MER 2015  |p 5650951  |r 2025-04-15  |s 2025-04-15  |t 3  |w 2022-05-03  |y BK  |k MAT